000 01579cam a2200397 i 4500
999 _c10279
_d10279
001 20405513
003 GBCCL
005 20241126110729.0
008 180313s2017 ii b 100 0 eng
010 _a 2017351133
020 _a9788126053797
025 _aI-E-2017351133; 23-92; 68-92
037 _bLibrary of Congress -- New Delhi Overseas Office
040 _aDLC
_beng
_erda
_cDLC
_dDLC
042 _alcode
_apcc
043 _aa-ii---
050 0 0 _aDS528.2.C45
_bO75 2017
082 _a954.166
_bORI
111 2 _aOrigin of Lai and Their Language (Seminar)
_d(2011 :
_cAijal, India),
_jauthor.
_917868
245 1 0 _aOrigin of Lai and their language /
_cedited by Lalthangfala Sailo, Lalchhuanmawia Sailo.
264 1 _aNew Delhi :
_bSahitya Akademi,
_c2017.
300 _avi, 99 pages ;
_c22 cm
336 _atext
_btxt
_2rdacontent
337 _aunmediated
_bn
_2rdamedia
338 _avolume
_bnc
_2rdacarrier
500 _aContributed articles presented at a seminar on Origin of Lai and Their Language, held on March 3, 2011, at Aizawl.
504 _aIncludes bibliographical references.
650 0 _aChin (Southeast Asian people)
_xHistory.
_917869
650 0 _aHaka Chin language
_zIndia
_xHistory and criticism.
_917870
700 1 _aSailo, Lalthangfala,
_eeditor.
_917871
700 1 _aSailo, Lalchhuanmawia,
_eeditor.
_917872
710 2 _aSahitya Akademi,
_epublisher,
_ecopyright holder.
_917873
906 _a7
_bcbc
_corigode
_d3
_encip
_f20
_gy-gencatlg
942 _2ddc
_cBK